000 00211 a2200097 4500
001 52224
100 _aGodwin G
245 _aA Mother & Two Daughters
260 _aLondon
_bPan Books
_c
090 _c32887
_d32887
942 _aNUST-CAE
_cM
_c25432
999 _c287297
_d287297